F1 2025 Grid - Statistics

General Stats
  • This quiz has been taken 289 times
    90 since last reset
  • The average score is 18 of 20
Answer Stats
Team Driver % Correct
McLaren Oscar Piastri
100%
McLaren Lando Norris
99%
Ferrari Lewis Hamilton
99%
Red Bull Max Verstappen
99%
Ferrari Charles Leclerc
97%
Mercedes Kimi Antonelli
95%
Red Bull Yuki Tsunoda
95%
Mercedes George Russell
93%
Williams Carlos Sainz
92%
Aston Martin Fernando Alonso
92%
Haas Esteban Ocon
91%
Sauber Nico Hulkenberg
91%
Alpine Pierre Gasly
91%
Alpine Franco Colapinto
89%
Racing Bulls Isack Hadjar
88%
Aston Martin Lance Stroll
88%
Racing Bulls Liam Lawson
87%
Haas Oliver Bearman
87%
Williams Alex Albon
86%
Sauber Gabriel Bortoleto
86%
No matching quizzes found
Score Distribution
Percent of People with Each Score
Percentile by Number Answered
Your Score History
You have not taken this quiz since the last reset